00597nam a2200205 a 4500001001300000003000900013005001700022008004100039020000900080082002100089100002100110245008100131260005900212300000900271500003500280505001500315650001600330650002400346700002100370nice12345678IN_TiNIC20260116012356.0050524s1979 bana grp 000 0 eng  ac2100a306.0899145bKHA aKhan, Mumtaz Ali aSeven Years of Changeb Study of Some Scheduled Castes in Bangalore District aBangalorebChristian Instt.For Study of Religionc1979 a232p aincludes index and biblioraphy2 aRoman Urdu aCaste-India aKarnataka-Bangalore1 aKhan, Mumtaz Ali